One Piece - General Knowledge #6 - Statistics

General Stats
  • This quiz has been taken 702 times
  • The average score is 16 of 20
Answer Stats
Hint Answer % Correct
First brother of Luffy, former 2nd Division Commander of the Whitebeard Pirates Portgas D. Ace
96%
Second brother of Luffy, member of the Revolutionary Army (Chief of Staff) Sabo
96%
Member of the Straw Hat Pirates who often uses the word "SUPER" Franky
95%
Yonko that was introdued first; he inspired Luffy to become a pirate Shanks
95%
Base of the Arlong Pirates which was destroyed by Luffy; also name of the arc it appears in Arlong Park
88%
Rarest of the three types of devil fruits Logia
87%
Number of Vegapunk´s satellites 6
86%
Inspector General and former Fleet Admiral of the marines Sengoku "The Buddha"
86%
What the Hito Hito no Mi: Model Nika was renamed to by the world government Gomu Gomu no Mi
85%
Thundercloud homie that merged with Nami's Sorcery Clima-Tact Zeus
84%
Supernova that ate a SMILE; also known as "Hitokiri Kamazo" Killer
81%
Council of the five highest-ranking Celestial Dragons, commands over Cipher Pol, the Marines, and the Shichibukai, subordinate to Imu Gorosei
77%
Marine rank which includes Koby and Tashigi Captain
75%
Little girl who can pull dangos out of her cheek Otama
73%
Animal that comes out of Holdem's waist Lion
71%
Devil fruit eaten by Big Mom Soru Soru no Mi
71%
Tribe of dwarves living in the underground of Green Bit near Dressrosa Tontatta Tribe
65%
Island which Upper Yard belonged to in the past; was formed like a skull Jaya
63%
Beast Pirates; group of the six strongest Shinuchi (Headliners) Tobiroppo
48%
Village where Nami grew up; the residents had to pay money to Arlong Cocoyasi Village
40%
No matching quizzes found
Score Distribution
Percent of People with Each Score
Percentile by Number Answered
Your Score History
You have not taken this quiz